Statistics for Percentage of SmartPhone Users Per Country

Click here to take the quiz!

General Stats

  • This quiz has been taken 16 times
    (8 since last reset)
  • The average score is 10 of 20

Answer Stats

%Answer% Correct
77USA
100%
55.3Japan
80%
83UK
60%
63.8Russia
60%
76.6Belgium
60%
76France
60%
72.1Canada
60%
68.6Australia
60%
60Taiwan
60%
55.3China
40%
58Italy
40%
68South Korea
40%
79.3Netherlands
40%
72.5Spain
40%
78.8Germany
40%
78.8Sweden
40%
53.8Romania
40%
64Poland
20%
57.5Malaysia
20%
64.9Kazakhstan
0%

Score Distribution

Percentile by Number Answered

Percent of People with Each Score

Your Score History

You have not taken this quiz since the last reset